000 00487nam a2200169Ia 4500
003 GCL
008 140319s9999 xx 000 0 eng d
040 _aGCL /
_cGCL
082 0 4 _a382
_bD C
100 1 _aDASGUPTA DIPAK
245 1 0 _aCURRENT WORLD TRADE AGENDA:ISSUE AND IMPLICATION FOR THE MENA REGION /
_cDASGUPTA DIPAK
260 _a[S.N] :
_bTHE WORLD BANK ،
_c2004
300 _a28 C M ؛
_c42 P
650 0 4 _aFOREIGN TRADE
650 0 4 _aINTERNATIONAL COMMERCE
942 _2ddc
_cBK
999 _c7603
_d7603